Hetvenöt éves az egyetemi énekkar. Koncerttel ünnepelnek

Elmentve itt :
Bibliográfiai részletek
Dokumentumtípus: Cikk
Megjelent: 2000-06-27
Sorozat:Délmagyarország 90 No. 148
Kulcsszavak:Egyetemi énekkar
Online Access:http://dmarchiv.bibl.u-szeged.hu/80913
LEADER 00433nab a2200145 i 4500
001 delm80913
005 20191029085512.0
008 191029s2000 hu o 0|| hun d
040 |a SZTE Délmagyarország Archívum  |b hun 
041 |a hun 
245 0 0 |a Hetvenöt éves az egyetemi énekkar. Koncerttel ünnepelnek  |h [elektronikus dokumentum] 
260 |c 2000-06-27 
300 |a 7 
490 0 |a Délmagyarország  |v 90 No. 148 
695 |a Egyetemi énekkar